Countries Bordering Two or More Oceans - Hard Version - Statistics

General Stats
  • This quiz has been taken 126 times
  • The average score is 23 of 26
Answer Stats
Ocean #1 Ocean #2 Ocean #3 Country % Correct
Arctic Atlantic Pacific Canada
99%
Arctic Atlantic Pacific United States
99%
Arctic Atlantic
Baltic Sea
Pacific Russia
97%
Atlantic
Caribbean, Gulf of Mexico
Pacific Mexico
96%
Atlantic
Caribbean Sea
Pacific Panama
94%
Indian Pacific Australia
92%
Indian Pacific Indonesia
92%
Atlantic Indian South Africa
92%
Atlantic
90%
Atlantic
Caribbean Sea
Pacific Guatemala
90%
Pacific
90%
Atlantic Pacific
Straits of Magellan
Argentina
89%
Atlantic
Caribbean Sea
Pacific Costa Rica
89%
Indian
89%
Indian
Andaman Sea
Pacific
Gulf of Thailand
Thailand
89%
Atlantic
Caribbean Sea
Pacific
Gulf of Fonseca
Honduras
88%
Atlantic
Caribbean Sea
Pacific Nicaragua
88%
Arctic
Barents Sea
Atlantic
Norwegian Sea
Norway
88%
Atlantic
Straits of Magellan
Pacific Chile
87%
Atlantic
Mediterranean Sea
Indian
Red Sea
Egypt
87%
Atlantic
Caribbean Sea
Pacific Colombia
86%
Indian
Andaman Sea
Pacific
South China Sea
Malaysia
86%
Arctic
78%
Atlantic Indian Pacific France
75%
Indian
Timor Sea
Pacific
Flores Sea
East Timor
69%
Atlantic
Mediterranean Sea
Indian
Gulf of Aqaba
Israel
69%
No matching quizzes found
Score Distribution
Percent of People with Each Score
Percentile by Number Answered
Your Score History
You have not taken this quiz